ウマ娘の声優 - Statistics

General Stats
  • This quiz has been taken 10 times
  • The average score is 52 of 169
Answer Stats
Hint Answer % Correct
スペシャルウィーク 和氣あず未
100%
トウカイテイオー Machico
89%
ゴールドシップ 上田瞳
78%
シンボリルドルフ 田所あずさ
78%
セイウンスカイ 鬼頭明里
78%
ライスシャワー 石見舞菜香
78%
サイレンススズカ 高野麻里佳
67%
ウオッカ 大橋彩香
67%
エルコンドルパサー 髙橋ミナミ
67%
アグネスタキオン 上坂すみれ
67%
カレンチャン 篠原侑
67%
シリウスシンボリ ファイルーズあい
67%
メジロラモーヌ 東山奈央
67%
オルフェーヴル 日笠陽子
67%
マルゼンスキー Lynn
67%
オグリキャップ 高柳知葉
56%
ダイワスカーレット 木村千咲
56%
メジロマックイーン 大西沙織
56%
テイエムオペラオー 徳井青空
56%
エアグルーヴ 青木瑠璃子
56%
アグネスデジタル 鈴木みのり
56%
タマモクロス 大空直美
56%
マンハッタンカフェ 小倉唯
56%
ミホノブルボン 長谷川育美
56%
マチカネフクキタル 新田ひより
56%
ナイスネイチャ 前田佳織里
56%
サクラチヨノオー 野口瑠璃子
56%
アストンマーチャン 井上ほの花
56%
サトノクラウン 鈴代紗弓
56%
ヴィブロス 伊藤彩沙
56%
ドリームジャーニー 吉岡茉祐
56%
ラヴズオンリーユー 久保田未夢
56%
安心沢刺々美 井上喜久子
56%
細江純子 細江純子
56%
ヒシアケボノ 松嵜麗
44%
ウイニングチケット 渡部優衣
44%
サクラバクシンオー 三澤紗千香
44%
シーキングザパール 福原綾香
44%
スーパークリーク 優木かな
44%
マチカネタンホイザ 遠野ひかる
44%
イクノディクタス 田澤茉純
44%
ツルマルツヨシ 青山吉能
44%
エスポワールシチー 亜咲花
44%
ダイイチルビー 礒部花凜
44%
ドゥラメンテ 秋奈
44%
ブエナビスタ 和泉風花
44%
ジェンティルドンナ 芹澤優
44%
アーモンドアイ 石原夏織
44%
秋川やよい 水橋かおり
44%
スピードシンボリ 沢城みゆき
44%
カジノドライヴ 愛美
44%
フジキセキ 松井恵理子
33%
タイキシャトル 大坪由佳
33%
ファインモーション 橋本ちなみ
33%
マヤノトップガン 星谷美緒
33%
ユキノビジン 山本希望
33%
エアシャカール 津田美波
33%
スマートファルコン 大和田仁美
33%
ナカヤマフェスタ 下地紫野
33%
ハルウララ 首藤志奈
33%
ミスターシービー 天海由梨奈
33%
メイショウドトウ 和多田美咲
33%
メジロドーベル 久保田ひかり
33%
メジロパーマー のぐちゆり
33%
ダイタクヘリオス 山根綺
33%
ツインターボ 花井美春
33%
キタサンブラック 矢野妃菜喜
33%
デアリングタクト 羊宮妃那
33%
ナリタトップロード 中村カンナ
33%
ノースフライト 指出毬亜
33%
シュヴァルグラン 夏吉ゆうこ
33%
ヴィルシーナ 奥野香耶
33%
カツラギエース 藤原夏海
33%
ネオユニヴァース 白石晴香
33%
駿川たづな 藤井ゆきよ
33%
ゴドルフィンバルブ 佐藤聡美
33%
佐岳メイ 堀江由衣
33%
タッカーブライン 小林ゆう
33%
ユノハナブルーム 豊崎愛生
33%
赤坂美聡 明坂聡美
33%
ビワハヤヒデ 近藤唯
22%
アドマイヤベガ 咲々木瞳
22%
エイシンフラッシュ 藤野彩水
22%
カワカミプリンセス 高橋花林
22%
ゴールドシチー 香坂さき
22%
シンコウウインディ 高田憂希
22%
ゼンノロブロイ 照井春佳
22%
トーセンジョーダン 鈴木絵理
22%
ナリタタイシン 渡部恵子
22%
バンブーメモリー 藍原ことみ
22%
ビコーペガサス 田中あいみ
22%
マーベラスサンデー 三宅麻理恵
22%
キングヘイロー 佐伯伊織
22%
サトノダイヤモンド 立花日菜
22%
メジロアルダン 会沢紗弥
22%
シンボリクリスエス 春川芽生
22%
タニノギムレット 松岡美里
22%
ケイエスミラクル 佐藤日向
22%
ノーリーズン 河野ひより
22%
スティルインラブ 宮下早紀
22%
ホッコータルマエ 菊池紗矢香
22%
ロイスアンドロイス 田辺留依
22%
ヒシミラクル 春日さくら
22%
タップダンスシチー 篠田みなみ
22%
カルストンライトオ 望月ゆみこ
22%
デュランダル 野木奏
22%
ラッキーライラック 中島由貴
22%
カレンブーケドール 小田杏樹
22%
ステイゴールド 松田颯水
22%
レッドディザイア 関根瞳
22%
キセキ 星希成奏
22%
フォーエバーヤング 海弓シュリ
22%
ルーラーシップ 海野水玉
22%
ソノンエルフィー 小清水亜美
22%
桐生院葵 岡咲美保
22%
樫本理子 朴璐美
22%
都留岐涼花 佐藤利奈
22%
シュガーライツ 石川由依
22%
ハイセイコー 丹下桜
22%
サウンズオブアース MAKIKO
22%
グラスワンダー 前田玲奈
11%
ヒシアマゾン 巽悠衣子
11%
ナリタブライアン 衣川里佳
11%
メジロライアン 土師亜文
11%
イナリワン 井上遥乃
11%
スイープトウショウ 杉浦しおり
11%
ニシノフラワー 河井晴菜
11%
メジロブライト 大西綺華
11%
サクラローレル 真野美月
11%
ヤマニンゼファー 今泉りおな
11%
フリオーソ 西連寺亜希
11%
トランセンド 塚田悠衣
11%
ダンツフレーム 福嶋晴菜
11%
ジャングルポケット 藤本侑里
11%
ビリーヴ 秋山実咲
11%
コパノリッキー 稲垣好
11%
ワンダーアキュート 須藤叶希
11%
サムソンビッグ 根本京里
11%
ラインクラフト 小島菜々恵
11%
シーザリオ 佐藤榛夏
11%
エアメサイア 根本優奈
11%
デアリングハート 希水しお
11%
フサイチパンドラ 佳原萌枝
11%
ウインバリアシオン 月城日花
11%
アドマイヤグルーヴ 鈴木日菜
11%
バブルガムフェロー 神谷早矢佳
11%
フェノーメノ 日比優理香
11%
ブラストワンピース 紫月杏朱彩
11%
グランアレグリア 夏目妃菜
11%
クロノジェネシス 真名瀬日和
11%
マルシュロレーヌ 近貞月乃
11%
エピファネイア 千賀光莉
11%
ロゴタイプ 髙橋美空
11%
ヴィクトワールピサ 嶋野花
11%
ローズキングダム 菊池ゆりな
11%
ハッピーミーク 吉咲みゆ
11%
ヴェニュスパーク 折原日菜
11%
乙名史悦子 陶山恵美里
11%
ライトハロー 植田佳奈
11%
バイアリーターク 斎賀みつき
11%
セントライト 能登麻美子
11%
アイネスフウジン 長江里加
0%
ヤエノムテキ 日原あゆみ
0%
サクラチトセオー 明智璃子
0%
ビターグラッセ 島田愛野
0%
リトルココン 白砂沙帆
0%
リガントーナ 井料愛良
0%
ダーレーアラビアン 進藤尚美
0%
保科健子 高垣彩陽
0%
No matching quizzes found
Score Distribution
Percent of People with Each Score
Percentile by Number Answered
Your Score History
You have not taken this quiz